| 000 | 00000nam##2200000za#4500 |
| 001 | 9.608223 |
| 003 | CaOODSP |
| 005 | 20240612102651 |
| 007 | cr ||||||||||| |
| 008 | 150406|2014||||xxc|||||o f|0| 0 fre|d |
| 040 | |aCaOODSP|bfre |
| 043 | |an-cn--- |
| 086 | 1 |aRv55-5/10-14-50-2014F-PDF |
| 110 | 2 |aAgence des services frontaliers du Canada. |
| 245 | 10|aClassement tarifaire de produits pouvant bénéficier du numéro tarifaire 9927.00.00 |h[ressource électronique] |
| 260 | |aOttawa - Ontario : |bAgence des services frontaliers du Canada |
| 300 | |a2p. |
| 490 | 1 |aMémorandums D des douanes. D10, classification tarifaire/marchandises |vD10-14-50, le 31 octobre 2014 |
| 500 | |aCeci annule le mémorandum D : D10-14-50 daté le 20 août 2007 |
| 590 | |a15-03|b2015-01-16 |
| 775 | 08|tTariff classification of goods eligible for the benefits of tariff item 9927.00.00 |w(CaOODSP)9.581393 |
| 830 | #0|aMémorandums D des douanes. D10, classification tarifaire/marchandises ;|vD10-14-50, le 31 octobre 2014|w(CaOODSP)9.816826 |
| 856 | 40|ahttp://publications.gc.ca|qPDF|s49 Ko|uhttps://publications.gc.ca/collections/collection_2015/asfc-cbsa/Rv55-5-10-14-50-2014-fra.pdf|yD10-14-50, le 31 octobre 2014 |